00469nam a2200157Ia 45000010006000000050017000060080041000230410008000640820027000721000040000992450114001392600009002533000033002626500008002956540008003032009020260306172740.0260306t2013||||xx |||||||||||||| ||spa|| aESP a342.211bP35 T. 4 V. 2 aPeces-Barba Martinez, GregorioeAUT 0aHistoria de los derechos fundamentales:bsiglo XX, ideologías políticas y derechos humanos en el siglo XX c2013 axvi, 835 páginas :c24 cm. aGEN aCDE